Foundations of mixed methods research integrating quantitative and qualitative approaches in the social and behavioral sciences (Registro nro. 64026)

Detalles MARC
000 -ENCABEZADO
Número de control [NR] 01037nam a2200253Ia 4500
008 - DE LONGITUD FIJA DE DATOS DE ELEMENTOS - INFORMACIÓN GENERAL
Elementos de longitud fija [NR] 130821s2009 xxu gr eng
020 ## - NUMERO INTERNACIONAL NORMALIZADO PARA LIBROS [R]
Número Internacional Normalizado del libro [NR] 9780761930112
020 ## - NUMERO INTERNACIONAL NORMALIZADO PARA LIBROS [R]
Número Internacional Normalizado del libro [NR] 9780761930129
040 ## - FUENTE DE CATALOGACION [NR]
Agencia de catalogación original [NR] Co-BoUCM
Idioma de catalogación [NR] spa
041 00 - CODIGO DE IDIOMA [R]
Código de idioma para texto/pista de sonido o título separado [R] Inglés
100 1# - ASIENTO PRINCIPAL--NOMBRE PERSONAL [NR]
Nombre personal [NR] Teddlie, Charles
ID Autoridad 74293
245 10 - MENCION DE TITULO [NR]
Título [NR] Foundations of mixed methods research integrating quantitative and qualitative approaches in the social and behavioral sciences
Mención de responsabilidad, etc. [NR] Charles Teddlie, Abbas Tashakkori
260 ## - PUBLICACION, DISTRIBUCION, ETC. (PIE DE IMPRENTA) [R]
Lugar de publicación, distribución, etc. [R] Thousand Oaks (California, Estados Unidos)
Nombre del editor, distribuidor, etc. [R] Sage Publications
Fecha de publicación, distribución, etc. [R] 2009
300 ## - DESCRIPCION FISICA [R]
Extensión [R] viii, 387 páginas
504 ## - NOTA DE BIBLIOGRAFIA, ETC. [R]
Nota de bibliografía, etc. [NR]
650 04 - ASIENTO SECUNDARIO DE MATERIA - TERMINO TEMATICO [R]
Término temático o nombre geográfico como elemento de entrada [NR] Ciencias sociales
Subdivisión general [R] Investigaciones
9 (RLIN) 33592
650 04 - ASIENTO SECUNDARIO DE MATERIA - TERMINO TEMATICO [R]
Término temático o nombre geográfico como elemento de entrada [NR] Ciencias sociales
Subdivisión general [R] Metodología
9 (RLIN) 32387
650 04 - ASIENTO SECUNDARIO DE MATERIA - TERMINO TEMATICO [R]
Término temático o nombre geográfico como elemento de entrada [NR] Investigación
9 (RLIN) 17968
650 04 - ASIENTO SECUNDARIO DE MATERIA - TERMINO TEMATICO [R]
Término temático o nombre geográfico como elemento de entrada [NR] Sociología
9 (RLIN) 386
700 #1 - ASIENTO SECUNDARIO - NOMBRE PERSONAL [R]
Nombre personal [NR] Tashakkori, Abbas
9 (RLIN) 137977
856 42 - LOCALIZACION Y ACCESO ELECTRONICOS [R]
Nota dirigida al público [R] Tabla de Contenido
Identificador Uniforme del Recurso (“URI”) [R] <a href="http://www.loc.gov/catdir/toc/ecip0813/2008011833.html">http://www.loc.gov/catdir/toc/ecip0813/2008011833.html</a>
942 ## - ELEMENTOS DE ENTRADA AGREGADOS (KOHA)
Tipo de ítem principal el descrito en 300a Libro
Tema principal Sociología
Edición 1
Parte restante de la signatura top. T256f
Sistema de clasificación DEWEY
Clasificación 301.072
Existencias
Fecha de último préstamo Total préstamos Total Renewals Signatura topográfica Código de barras Última vez visto Ejemplar Costo de reposición Price effective from Tipo de ítem Perdido Sistema de clasificación Dañado No prestable Tipo de ítem específico Suprimido Ubicación habitual Ubicación actual Localización Fecha de creación Forma de adquisición Costo
24/02/2023 10 2 301.072 T256f 100103966 09/12/2025 Ej.1 178463.00 03/02/2013 Libro   DEWEY     Libro   Claustro Claustro 2do piso 30/09/2010 Compra 178463.00